000 00600nam a22002052 4500
001 0000002372
005 20151217155815.0
008 070410s xx 000 0 eng d
040 _aKABU
_cKABU
050 0 _aHF5661
_b.H87 1984
100 1 _aHussain, Ashiq.
_@0000149947
245 1 0 _aAid to passing CPA Section 1 Accounting I.
250 _arev. ed.
260 _aNairobi :
_bEAEP,
_c1984.
300 _a336 p.
650 0 _aAccounting
_xProblems, exercises, examinations, etc.
_@0000151724
908 _a070410
950 _@1
999 _c12694
_d12694